| 000 | 00341 a2200121 4500 | ||
|---|---|---|---|
| 000 | nam a22 7a 4500 | ||
| 005 | 20260207133859.0 | ||
| 020 | _a9789391214623 | ||
| 100 |
_aKhagendra Paatra _91114355 |
||
| 245 | _aAdhyatm Swasthya ki Sanskrit Prishtbhumi ek Samikshatmak Adhyayan | ||
| 260 |
_bShivalik Prakashan _c2024 |
||
| 942 | _cTEXL | ||
| 999 |
_c1678899 _d1678899 |
||